[Event "D14blitz"]
[Site "?"]
[Date "2020.08.27"]
[Round "1.1"]
[White "Egeman, Emilia"]
[Black "Starosta, Martyna"]
[Result "0-1"]
[BlackElo "1722"]
[WhiteElo "1214"]
[LiveChessVersion "1.4.4"]

1. e4 {[%clk 0:03:03]} e5 {[%clk 0:03:03]} 2. Nf3 {[%clk 0:03:03]} Nc6
{[%clk 0:03:05]} 3. Bc4 Nf6 4. d3 {[%clk 0:02:59]} Be7 {[%clk 0:03:05]} 5. c3
{[%clk 0:02:57]} O-O {[%clk 0:03:05]} 6. O-O {[%clk 0:02:57]} d5 {[%clk 0:02:58]}
7. exd5 {[%clk 0:02:50]} Nxd5 {[%clk 0:02:59]} 8. Re1 {[%clk 0:02:44]} Nb6
{[%clk 0:02:55]} 9. Bb3 {[%clk 0:02:42]} Bg4 {[%clk 0:02:55]} 10. Bc2
{[%clk 0:02:16]} Bd6 {[%clk 0:02:50]} 11. Nbd2 {[%clk 0:02:12]} f5
{[%clk 0:02:46]} 12. h3 {[%clk 0:02:04]} Bh5 {[%clk 0:02:41]} 13. Nf1
{[%clk 0:01:46]} Kh8 {[%clk 0:02:30]} 14. Ng3 {[%clk 0:01:42]} Bxf3
{[%clk 0:02:30]} 15. Qxf3 {[%clk 0:01:40]} Qd7 {[%clk 0:02:31]} 16. Bd2
{[%clk 0:01:06]} e4 {[%clk 0:02:20]} 17. Qe2 {[%clk 0:00:39]} Rae8
{[%clk 0:01:38]} 18. dxe4 {[%clk 0:00:30]} f4 {[%clk 0:01:38]} 19. Nf1
{[%clk 0:00:12]} f3 {[%clk 0:01:33]} 0-1

[Event "D14blitz"]
[Site "?"]
[Date "2020.08.27"]
[Round "1.2"]
[White "Zabrzanska, Weronika"]
[Black "Pudelko, Magdalena"]
[Result "1-0"]
[BlackElo "1210"]
[WhiteElo "1634"]
[LiveChessVersion "1.4.4"]

1. e4 {[%clk 0:03:03]} c5 {[%clk 0:03:04]} 2. c3 {[%clk 0:03:04]} d5
{[%clk 0:03:05]} 3. exd5 {[%clk 0:03:05]} Qxd5 {[%clk 0:03:06]} 4. Nf3
{[%clk 0:03:05]} Nc6 {[%clk 0:03:07]} 5. d4 {[%clk 0:03:06]} Bg4 {[%clk 0:03:04]}
6. Be2 {[%clk 0:03:08]} e6 {[%clk 0:03:04]} 7. O-O {[%clk 0:03:08]} Nf6
{[%clk 0:03:03]} 8. h3 {[%clk 0:03:08]} Bh5 {[%clk 0:03:03]} 9. Be3
{[%clk 0:03:05]} cxd4 {[%clk 0:02:55]} 10. Nxd4 {[%clk 0:03:05]} Bxe2
{[%clk 0:02:44]} 11. Qxe2 {[%clk 0:03:04]} Nxd4 {[%clk 0:02:40]} 12. Bxd4
{[%clk 0:03:05]} Be7 {[%clk 0:02:37]} 13. Rd1 {[%clk 0:03:05]} Qc6
{[%clk 0:02:32]} 14. Nd2 {[%clk 0:02:51]} O-O {[%clk 0:02:32]} 15. Nf3
{[%clk 0:02:52]} Rfd8 {[%clk 0:02:30]} 16. Ne5 {[%clk 0:02:52]} Qc7
{[%clk 0:02:27]} 17. Ng4 {[%clk 0:02:35]} Nd5 {[%clk 0:01:55]} 18. c4
{[%clk 0:01:51]} Nf4 {[%clk 0:01:26]} 19. Qf3 {[%clk 0:01:49]} Ng6
{[%clk 0:00:36]} 20. b3 {[%clk 0:01:44]} Rd7 {[%clk 0:00:33]} 21. Bc3
{[%clk 0:01:05]} Rad8 {[%clk 0:00:33]} 22. Qe2 {[%clk 0:00:44]} Nf4
{[%clk 0:00:23]} 23. Qe1 {[%clk 0:00:45]} Qc6 {[%clk 0:00:11]} 24. f3
{[%clk 0:00:29]} 1-0

[Event "D14blitz"]
[Site "?"]
[Date "2020.08.27"]
[Round "1.3"]
[White "Nowak, Zuzanna"]
[Black "Mroz, Lena"]
[Result "0-1"]
[BlackElo "1609"]
[WhiteElo "1202"]
[LiveChessVersion "1.4.4"]

1. e4 {[%clk 0:03:03]} c5 {[%clk 0:03:04]} 2. c3 {[%clk 0:03:04]} d5
{[%clk 0:03:04]} 3. exd5 {[%clk 0:03:04]} Qxd5 {[%clk 0:03:05]} 4. d4
{[%clk 0:03:05]} e6 {[%clk 0:03:05]} 5. Nf3 {[%clk 0:03:05]} Nf6 {[%clk 0:03:06]}
6. Bd3 {[%clk 0:03:05]} Nc6 {[%clk 0:03:05]} 7. O-O {[%clk 0:03:01]} Be7
{[%clk 0:03:06]} 8. Be3 {[%clk 0:02:49]} cxd4 {[%clk 0:03:07]} 9. cxd4
{[%clk 0:02:48]} O-O {[%clk 0:03:07]} 10. Nc3 {[%clk 0:02:48]} Qd6
{[%clk 0:03:05]} 11. Nb5 {[%clk 0:02:39]} Qb8 {[%clk 0:02:49]} 12. Rc1
{[%clk 0:02:35]} a6 {[%clk 0:02:50]} 13. Nc3 {[%clk 0:02:33]} Qd6
{[%clk 0:02:35]} 14. Re1 {[%clk 0:02:27]} b5 {[%clk 0:02:35]} 15. Ne4
{[%clk 0:02:13]} Nxe4 {[%clk 0:02:00]} 16. Bxe4 {[%clk 0:02:14]} Bb7
{[%clk 0:01:49]} 17. Ne5 {[%clk 0:01:53]} Na5 {[%clk 0:01:27]} 18. Bxb7
{[%clk 0:01:30]} Nxb7 {[%clk 0:01:28]} 19. Nc6 {[%clk 0:01:06]} Bf6
{[%clk 0:01:26]} 20. Qf3 {[%clk 0:00:26]} Rac8 {[%clk 0:01:18]} 21. Ne5
{[%clk 0:00:13]} Bxe5 {[%clk 0:01:00]} 22. dxe5 {[%clk 0:00:14]} Qe7
{[%clk 0:01:01]} 23. Red1 {[%clk 0:00:13]} Rfd8 {[%clk 0:00:48]} 24. h3
{[%clk 0:00:14]} h6 {[%clk 0:00:47]} 25. Kh2 {[%clk 0:00:14]} Re8
{[%clk 0:00:42]} 26. Qe2 {[%clk 0:00:14]} Na5 {[%clk 0:00:38]} 27. Rc2
{[%clk 0:00:14]} Nc4 {[%clk 0:00:35]} 28. Bc1 {[%clk 0:00:13]} Qc5
{[%clk 0:00:27]} 29. b3 {[%clk 0:00:13]} Qxe5+ {[%clk 0:00:28]} 30. bxc4
{[%clk 0:00:11]} Qxe2 {[%clk 0:00:29]} 31. Rxe2 bxc4 {[%clk 0:00:30]} 32. Red2
{[%clk 0:00:11]} c3 {[%clk 0:00:27]} 33. Rc2 {[%clk 0:00:12]} Re7
{[%clk 0:00:28]} 34. Be3 {[%clk 0:00:12]} e5 {[%clk 0:00:29]} 35. Rdc1
{[%clk 0:00:12]} Rec7 {[%clk 0:00:31]} 36. Kg3 {[%clk 0:00:12]} Rc4
{[%clk 0:00:32]} 37. Kf3 {[%clk 0:00:12]} g5 {[%clk 0:00:33]} 38. g3
{[%clk 0:00:11]} f5 {[%clk 0:00:33]} 39. Kg2 {[%clk 0:00:12]} Kf7
{[%clk 0:00:34]} 40. f3 {[%clk 0:00:12]} Ke6 {[%clk 0:00:35]} 41. Bf2
{[%clk 0:00:13]} Kd5 {[%clk 0:00:35]} 42. Be1 {[%clk 0:00:14]} Kd4
{[%clk 0:00:36]} 43. Bf2+ {[%clk 0:00:15]} Kd5 {[%clk 0:00:30]} 44. Kf1
{[%clk 0:00:15]} e4 {[%clk 0:00:23]} 45. f4 {[%clk 0:00:11]} gxf4
{[%clk 0:00:22]} 46. gxf4 {[%clk 0:00:13]} a5 {[%clk 0:00:19]} 47. Be3
{[%clk 0:00:13]} a4 {[%clk 0:00:19]} 48. Ke2 {[%clk 0:00:13]} R8c6
{[%clk 0:00:19]} 49. Rd1+ {[%clk 0:00:13]} Ke6 {[%clk 0:00:20]} 50. Rdc1
{[%clk 0:00:13]} Kd7 {[%clk 0:00:20]} 51. Kf2 {[%clk 0:00:14]} Kc7
{[%clk 0:00:21]} 52. Kg3 {[%clk 0:00:14]} Kb7 {[%clk 0:00:20]} 53. Rb1+
{[%clk 0:01:02]} Kc7 {[%clk 0:00:20]} 54. a3 {[%clk 0:00:59]} Rd6
{[%clk 0:00:16]} 55. Rb5 {[%clk 0:00:53]} Rd3 {[%clk 0:00:16]} 56. Kf2
{[%clk 0:00:53]} Kc6 {[%clk 0:00:17]} 57. Rxf5 {[%clk 0:00:52]} Rd6
{[%clk 0:00:11]} 58. Re5 {[%clk 0:00:45]} Rg6 {[%clk 0:00:11]} 59. f5
{[%clk 0:00:40]} Rf6 {[%clk 0:00:12]} 60. Re6+ {[%clk 0:00:35]} Rxe6
{[%clk 0:00:13]} 61. fxe6 Kd6 62. Bxh6 {[%clk 0:00:37]} Kxe6 {[%clk 0:00:16]} 63.
Ke3 {[%clk 0:00:38]} Kd5 {[%clk 0:00:16]} 64. Bg7 {[%clk 0:00:37]} Rc7 65. Bxc3
{[%clk 0:00:34]} Rf7 {[%clk 0:00:07]} 66. Rf2 {[%clk 0:00:29]} Rh7
{[%clk 0:00:09]} 67. Rh2 Kc4 68. Bb4 {[%clk 0:00:28]} Kd5 {[%clk 0:00:12]} 69. h4
Rh5 70. Bf8 {[%clk 0:00:17]} Ke5 {[%clk 0:00:11]} 71. Bb4 {[%clk 0:00:13]} Kd5
{[%clk 0:00:11]} 72. Kf4 {[%clk 0:00:13]} Kd4 {[%clk 0:00:06]} 73. Rd2+
{[%clk 0:00:07]} Kc4 {[%clk 0:00:06]} 74. Rh2 {[%clk 0:00:05]} Kd3
{[%clk 0:00:08]} 75. Rd2+ {[%clk 0:00:00]} 0-1

[Event "D14blitz"]
[Site "?"]
[Date "2020.08.27"]
[Round "1.4"]
[White "Pawicka, Magdalena"]
[Black "Bialek, Alicja"]
[Result "1-0"]
[BlackElo "1201"]
[WhiteElo "1597"]
[LiveChessVersion "1.4.4"]

1. e4 g6 2. d4 Bg7 3. Nc3 b6 4. Be3 Bb7 5. f3 d6 6. Qd2 Nd7 7. Bc4 e6 8. Nge2 Ne7
9. O-O O-O 10. Nf4 c5 11. Bxe6 fxe6 12. Nxe6 Qc8 13. Nxf8 Nxf8 14. d5 Nd7 15. Bf4
Ne5 16. Bxe5 Bxe5 17. f4 Bd4+ 18. Kh1 a6 19. Rae1 Qd7 20. Ne2 Bxb2 21. Rb1 Bg7
22. Rxb6 Nc8 23. Rb3 a5 24. Rfb1 Ba6 25. Ng3 a4 26. Re3 Bd4 27. Ree1 Ne7 28. Ne2
Bg7 29. Ng1 Bc4 30. a3 Qa7 31. Nf3 Nc8 32. Ng5 Nb6 33. Ne6 Bf6 34. e5 dxe5 35.
fxe5 Be7 36. Qh6 Bd8 37. Qf8# 1-0

[Event "D14blitz"]
[Site "?"]
[Date "2020.08.27"]
[Round "1.5"]
[White "Zalewska, Malgorzata"]
[Black "Rejniak, Zuzanna"]
[Result "0-1"]
[BlackElo "1587"]
[WhiteElo "1197"]
[LiveChessVersion "1.4.4"]

1. e4 c5 2. Nf3 d6 3. d4 cxd4 4. Nxd4 Nf6 5. Nc3 a6 6. Be3 e5 7. Nb3 Be6 8. Bd3
Be7 9. h3 O-O 10. O-O b5 11. Qd2 Nbd7 12. f4 exf4 13. Bxf4 Ne5 14. Be2 b4 15. Nd5
Nxe4 16. Nxe7+ Qxe7 17. Qxb4 Bd5 18. Rad1 Qa7+ 19. Kh2 Bb7 20. Rxd6 Nxd6 21. Bxe5
Ne4 22. Bf3 a5 23. Qc4 Rac8 24. Qa4 Rfe8 25. Bxe4 Rxe5 26. Bxb7 Qxb7 27. Qf4 Qc7
28. Nd4 Re7 29. Qxc7 Rcxc7 30. Nb5 Rb7 31. a4 Re2 32. Rd1 g6 33. Nd4 Re4 34. Nb5
Rxa4 35. Nd6 Rd7 36. Rd3 Ra2 37. Nc4 Rxd3 38. cxd3 Ra1 39. Nxa5 Rxa5 0-1

[Event "D14blitz"]
[Site "?"]
[Date "2020.08.27"]
[Round "1.6"]
[White "Arciszewska, Zuzanna"]
[Black "Zalog, Aleksandra"]
[Result "1-0"]
[BlackElo "1187"]
[WhiteElo "1544"]
[LiveChessVersion "1.4.4"]

1. d4 Nf6 2. Nf3 d5 3. Bg5 e6 4. e3 Be7 5. c4 h6 6. Bh4 Ne4 7. Bxe7 Qxe7 8. Nbd2
Nf6 9. Bd3 Nc6 10. O-O O-O 11. a3 a5 12. Qc2 b6 13. cxd5 Nd8 14. dxe6 Nxe6 15.
Ne5 Bb7 16. Be2 Qd6 17. Bf3 Rab8 18. Rac1 Rfc8 19. Bxb7 Rxb7 20. Ndc4 Qe7 21. Nd2
Ng5 22. Ndf3 Nge4 23. Qc6 Ra7 24. Rfd1 Nd6 25. Rc2 Nfe4 26. Nd2 Nf6 27. Rdc1 Nh5
28. Ndc4 Ne4 29. Qxe4 f6 30. Qf5 Raa8 31. Nxb6 Re8 32. Rxc7 Qd8 33. Nxa8 Qxa8 34.
Qxh5 fxe5 35. Qf7+ 1-0

[Event "D14blitz"]
[Site "?"]
[Date "2020.08.27"]
[Round "1.7"]
[White "Kokot, Agnieszka"]
[Black "Siekanska, Maria"]
[Result "1-0"]
[BlackElo "1530"]
[WhiteElo "1184"]
[LiveChessVersion "1.4.4"]

1. d4 {[%clk 0:03:03]} d5 {[%clk 0:03:03]} 2. Nf3 {[%clk 0:03:03]} e6
{[%clk 0:03:04]} 3. c3 {[%clk 0:03:01]} c5 {[%clk 0:03:03]} 4. e3
{[%clk 0:03:01]} Nc6 {[%clk 0:02:59]} 5. Bd3 {[%clk 0:03:01]} Nf6
{[%clk 0:02:55]} 6. Nbd2 {[%clk 0:03:00]} Bd6 {[%clk 0:02:53]} 7. O-O
{[%clk 0:02:58]} O-O {[%clk 0:02:32]} 8. dxc5 {[%clk 0:02:54]} Bxc5
{[%clk 0:02:31]} 9. e4 {[%clk 0:02:54]} Re8 {[%clk 0:02:07]} 10. Qc2
{[%clk 0:02:25]} g6 {[%clk 0:01:50]} 11. h3 {[%clk 0:01:52]} b6 {[%clk 0:01:41]}
12. Re1 {[%clk 0:01:19]} Bb7 {[%clk 0:01:15]} 13. e5 {[%clk 0:00:38]} Nd7
{[%clk 0:01:10]} 14. Nb3 {[%clk 0:00:34]} Bf8 {[%clk 0:01:03]} 15. Bg5
{[%clk 0:00:21]} Qc7 {[%clk 0:01:03]} 16. Bf4 {[%clk 0:00:22]} Bg7
{[%clk 0:01:02]} 17. Nbd4 {[%clk 0:00:22]} Ncxe5 {[%clk 0:00:49]} 18. Nxe5
{[%clk 0:00:22]} Bxe5 {[%clk 0:00:50]} 19. Bxe5 {[%clk 0:00:23]} Nxe5
{[%clk 0:00:50]} 20. Qe2 {[%clk 0:00:22]} Nxd3 21. Qxd3 {[%clk 0:00:21]} e5
{[%clk 0:00:45]} 22. Nc2 {[%clk 0:00:20]} Rad8 {[%clk 0:00:43]} 23. Qg3
{[%clk 0:00:19]} d4 {[%clk 0:00:38]} 24. Nb4 {[%clk 0:00:10]} a5 {[%clk 0:00:36]}
25. Nd3 {[%clk 0:00:10]} dxc3 {[%clk 0:00:34]} 26. bxc3 {[%clk 0:00:11]} Qxc3
{[%clk 0:00:33]} 27. Rad1 {[%clk 0:00:08]} e4 {[%clk 0:00:29]} 28. Nf4
{[%clk 0:00:09]} Qxg3 {[%clk 0:00:30]} 29. fxg3 {[%clk 0:00:10]} f5
{[%clk 0:00:21]} 30. Kf2 {[%clk 0:00:11]} Kf7 {[%clk 0:00:21]} 31. Rxd8
{[%clk 0:00:11]} Rxd8 {[%clk 0:00:23]} 32. Re2 {[%clk 0:00:12]} Ba6
{[%clk 0:00:23]} 33. Rb2 {[%clk 0:00:12]} b5 {[%clk 0:00:23]} 34. Ke3
{[%clk 0:00:13]} b4 {[%clk 0:00:23]} 35. Rb3 {[%clk 0:00:13]} Bc4
{[%clk 0:00:22]} 36. Rb2 {[%clk 0:00:14]} Kf6 {[%clk 0:00:20]} 37. Rc2
{[%clk 0:00:15]} Bf7 {[%clk 0:00:10]} 38. Rc5 {[%clk 0:00:16]} Ra8
{[%clk 0:00:10]} 39. Rc6+ {[%clk 0:00:17]} Kg7 {[%clk 0:00:10]} 40. Rc7
{[%clk 0:00:17]} Rd8 {[%clk 0:00:09]} 41. Ne6+ {[%clk 0:00:18]} 1-0

[Event "D14blitz"]
[Site "?"]
[Date "2020.08.27"]
[Round "2.1"]
[White "Starosta, Martyna"]
[Black "Bukala, Weronika"]
[Result "1-0"]
[BlackElo "1251"]
[WhiteElo "1722"]
[LiveChessVersion "1.4.4"]

1. e4 {[%clk 0:03:02]} c5 {[%clk 0:03:03]} 2. Nf3 {[%clk 0:03:03]} Nc6
{[%clk 0:03:03]} 3. d4 {[%clk 0:03:04]} cxd4 {[%clk 0:03:04]} 4. Nxd4
{[%clk 0:03:05]} Nf6 {[%clk 0:03:05]} 5. Nc3 {[%clk 0:03:06]} e5 {[%clk 0:03:06]}
6. Ndb5 {[%clk 0:03:07]} d6 {[%clk 0:03:06]} 7. Nd5 {[%clk 0:03:09]} Nxd5
{[%clk 0:03:07]} 8. exd5 {[%clk 0:03:10]} Nb8 {[%clk 0:03:08]} 9. a4
{[%clk 0:03:11]} a6 {[%clk 0:03:08]} 10. Na3 {[%clk 0:03:12]} Be7
{[%clk 0:03:06]} 11. Be2 {[%clk 0:03:13]} O-O {[%clk 0:03:06]} 12. O-O
{[%clk 0:03:13]} f5 {[%clk 0:03:04]} 13. f4 {[%clk 0:03:14]} e4 {[%clk 0:03:01]}
14. Be3 {[%clk 0:03:14]} g5 {[%clk 0:02:53]} 15. Nc4 {[%clk 0:02:54]} g4
{[%clk 0:02:32]} 16. Nb6 {[%clk 0:02:50]} Bh4 {[%clk 0:02:15]} 17. g3
{[%clk 0:02:43]} h5 {[%clk 0:02:04]} 18. Nxa8 {[%clk 0:02:38]} Bxg3
{[%clk 0:01:49]} 19. hxg3 {[%clk 0:02:39]} h4 {[%clk 0:01:49]} 20. Qe1
{[%clk 0:02:28]} h3 {[%clk 0:01:46]} 21. Kh2 {[%clk 0:02:28]} Nd7
{[%clk 0:01:45]} 22. a5 {[%clk 0:02:22]} Nf6 {[%clk 0:01:37]} 23. Nb6
{[%clk 0:02:22]} Qe7 {[%clk 0:01:28]} 24. Ra3 {[%clk 0:02:10]} Bd7
{[%clk 0:01:21]} 25. Nxd7 {[%clk 0:02:07]} Qxd7 {[%clk 0:01:22]} 26. c4
{[%clk 0:02:08]} Rc8 {[%clk 0:01:21]} 27. b4 {[%clk 0:02:07]} Ne8
{[%clk 0:01:14]} 28. Qf2 {[%clk 0:01:58]} Nc7 {[%clk 0:01:00]} 29. Rd1
{[%clk 0:01:57]} Qf7 {[%clk 0:00:59]} 30. c5 {[%clk 0:01:53]} Rd8
{[%clk 0:00:58]} 31. cxd6 {[%clk 0:01:47]} Rxd6 {[%clk 0:00:55]} 32. Bc5
{[%clk 0:01:45]} Rxd5 {[%clk 0:00:48]} 33. Bc4 {[%clk 0:01:33]} Kh7
{[%clk 0:00:46]} 34. Bxd5 {[%clk 0:01:33]} Nxd5 {[%clk 0:00:47]} 35. Qa2
{[%clk 0:01:28]} 1-0

[Event "D14blitz"]
[Site "?"]
[Date "2020.08.27"]
[Round "2.2"]
[White "Uliasz, Katarzyna"]
[Black "Zabrzanska, Weronika"]
[Result "0-1"]
[BlackElo "1634"]
[WhiteElo "1267"]
[LiveChessVersion "1.4.4"]

1. e4 {[%clk 0:03:04]} e5 {[%clk 0:03:04]} 2. Nf3 {[%clk 0:03:05]} Nc6
{[%clk 0:03:05]} 3. d4 {[%clk 0:03:06]} exd4 {[%clk 0:03:06]} 4. Nxd4
{[%clk 0:03:07]} Bc5 {[%clk 0:03:07]} 5. Be3 {[%clk 0:03:06]} Qf6
{[%clk 0:03:08]} 6. c3 {[%clk 0:03:07]} Nge7 {[%clk 0:03:09]} 7. g3
{[%clk 0:03:08]} Bb6 {[%clk 0:03:09]} 8. Bg2 {[%clk 0:03:08]} d6 {[%clk 0:03:09]}
9. O-O {[%clk 0:03:09]} O-O {[%clk 0:03:10]} 10. Na3 {[%clk 0:03:06]} Be6
{[%clk 0:03:08]} 11. Qd2 {[%clk 0:02:54]} d5 {[%clk 0:02:59]} 12. Nxe6
{[%clk 0:02:48]} fxe6 {[%clk 0:02:42]} 13. Bxb6 {[%clk 0:02:48]} axb6
{[%clk 0:02:30]} 14. exd5 {[%clk 0:02:49]} exd5 {[%clk 0:02:01]} 15. Bxd5+
{[%clk 0:02:48]} Nxd5 {[%clk 0:01:58]} 16. Qxd5+ {[%clk 0:02:49]} Kh8
{[%clk 0:02:00]} 17. Nc4 {[%clk 0:02:47]} Rad8 {[%clk 0:01:55]} 18. Qg2
{[%clk 0:02:46]} b5 {[%clk 0:01:50]} 19. Na3 Ne5 {[%clk 0:01:44]} 20. f4
{[%clk 0:02:29]} Ng4 {[%clk 0:01:39]} 21. Rfe1 {[%clk 0:02:02]} Qb6+
{[%clk 0:01:39]} 22. Kf1 {[%clk 0:01:43]} Ne3+ {[%clk 0:01:32]} 23. Rxe3
{[%clk 0:01:44]} Qxe3 {[%clk 0:01:33]} 24. Re1 {[%clk 0:01:36]} Qd3+
{[%clk 0:01:22]} 25. Kg1 {[%clk 0:01:32]} c6 {[%clk 0:01:24]} 26. Nb1
{[%clk 0:01:18]} Rfe8 {[%clk 0:01:18]} 27. Rf1 {[%clk 0:01:10]} Re2
{[%clk 0:01:15]} 28. Qh3 {[%clk 0:00:58]} Qe3+ {[%clk 0:01:15]} 29. Kh1
{[%clk 0:00:53]} Re1 {[%clk 0:01:15]} 30. Kg2 {[%clk 0:00:45]} Rxf1
{[%clk 0:01:08]} 31. Kxf1 {[%clk 0:00:45]} Rd1+ {[%clk 0:01:07]} 32. Kg2
{[%clk 0:00:42]} Qe2# {[%clk 0:01:07]} 0-1

[Event "D14blitz"]
[Site "?"]
[Date "2020.08.27"]
[Round "2.3"]
[White "Mroz, Lena"]
[Black "Pastuszko, Katarzyna"]
[Result "1/2-1/2"]
[BlackElo "1241"]
[WhiteElo "1609"]
[LiveChessVersion "1.4.4"]

1. e4 {[%clk 0:03:03]} e5 {[%clk 0:03:03]} 2. Nf3 {[%clk 0:03:04]} Nc6
{[%clk 0:03:05]} 3. Bb5 {[%clk 0:03:05]} Nge7 {[%clk 0:03:06]} 4. O-O
{[%clk 0:03:00]} g6 {[%clk 0:03:07]} 5. c3 {[%clk 0:03:00]} Bg7 {[%clk 0:03:08]}
6. d4 {[%clk 0:03:01]} exd4 7. cxd4 {[%clk 0:03:02]} O-O {[%clk 0:03:05]} 8. Nc3
{[%clk 0:02:59]} d5 {[%clk 0:02:56]} 9. e5 {[%clk 0:02:58]} Bg4 {[%clk 0:02:53]}
10. Be3 {[%clk 0:02:58]} a6 {[%clk 0:02:52]} 11. Be2 {[%clk 0:02:57]} f5
{[%clk 0:02:41]} 12. h3 {[%clk 0:02:47]} Bxf3 {[%clk 0:02:40]} 13. Bxf3
{[%clk 0:02:48]} f4 {[%clk 0:02:40]} 14. Bc1 {[%clk 0:02:49]} Kh8
{[%clk 0:02:33]} 15. Qb3 {[%clk 0:02:47]} Nxd4 {[%clk 0:02:22]} 16. Qd1
{[%clk 0:02:42]} Nxf3+ {[%clk 0:02:20]} 17. Qxf3 {[%clk 0:02:42]} c6
{[%clk 0:02:19]} 18. Re1 {[%clk 0:02:43]} Qd7 {[%clk 0:02:09]} 19. b3
{[%clk 0:02:30]} Qf5 {[%clk 0:02:10]} 20. Bb2 {[%clk 0:01:43]} Bxe5
{[%clk 0:02:00]} 21. Nxd5 {[%clk 0:01:33]} Bxb2 {[%clk 0:01:47]} 22. Nxe7
{[%clk 0:01:34]} Qf6 {[%clk 0:01:48]} 23. Rad1 {[%clk 0:01:27]} Rae8
{[%clk 0:01:46]} 24. Re2 {[%clk 0:01:09]} Be5 {[%clk 0:01:30]} 25. Nxg6+
{[%clk 0:00:32]} Qxg6 {[%clk 0:01:25]} 26. Rde1 {[%clk 0:00:32]} Bc7
{[%clk 0:01:20]} 27. Qc3+ {[%clk 0:00:29]} Kg8 {[%clk 0:01:14]} 28. Qc4+
{[%clk 0:00:24]} Kh8 {[%clk 0:01:15]} 29. Qd4+ {[%clk 0:00:24]} Kg8
{[%clk 0:01:15]} 30. Qc4+ {[%clk 0:00:25]} Kh8 {[%clk 0:01:12]} 31. Qd4+
{[%clk 0:00:26]} Kg8 {[%clk 0:01:08]} 1/2-1/2

[Event "D14blitz"]
[Site "?"]
[Date "2020.08.27"]
[Round "2.4"]
[White "Szopa, Emilia"]
[Black "Pawicka, Magdalena"]
[Result "1-0"]
[BlackElo "1597"]
[WhiteElo "1241"]
[LiveChessVersion "1.4.4"]

1. e4 e5 2. Nf3 Nc6 3. Bc4 Bc5 4. O-O Nf6 5. d3 O-O 6. Bb3 h6 7. Nbd2 d6 8. c3
Re8 9. Re1 a6 10. h3 Ba7 11. Nf1 d5 12. Ng3 Qd6 13. Be3 Bxe3 14. Rxe3 Be6 15. Nh4
g6 16. Qf3 Kg7 17. exd5 Nxd5 18. Bxd5 Qxd5 19. Ne4 f5 20. Nd2 Qxf3 21. Ndxf3 Rad8
22. Nxe5 Nxe5 23. Rxe5 Rxd3 24. Rae1 Rd6 25. Nf3 Kf6 26. Nd4 Re7 27. Kf1 c6 28.
R1e2 b6 29. Ke1 c5 30. Nxe6 Rdxe6 31. Rxe6+ Rxe6 32. Rxe6+ Kxe6 33. Kd2 Kd5 34.
Kd3 b5 35. b3 a5 36. c4+ bxc4+ 37. bxc4+ Ke5 38. Ke3 g5 39. g4 f4+ 40. Kd3 Kd6
41. Ke4 Ke6 42. f3 Kd6 43. Kf5 Kc6 44. a4 Kd6 45. Kg6 Ke5 46. Kxh6 Kd4 47. Kxg5
Kxc4 48. h4 Kb3 49. h5 c4 50. h6 c3 51. h7 c2 52. h8=Q c1=Q 53. Qb8+ Kxa4 54.
Qxf4+ Qxf4+ 55. Kxf4 Kb5 56. g5 a4 57. g6 a3 58. g7 a2 59. g8=Q a1=Q 60. Qb8+ Kc6
61. Qe8+ Kd6 62. Qf8+ Ke6 63. Qf5+ Kd6 64. Qd3+ Ke6 65. Qc4+ Kf6 66. Qc6+ Kf7 67.
Qd7+ Kf6 68. Qd8+ Kf7 69. Qc7+ Kf6 70. Qd6+ Kf7 71. Qe5 Qc1+ 72. Kf5 Qc8+ 73. Kg5
Qd8+ 74. Kf5 Qd3+ 75. Qe4 Qd7+ 76. Kg5 Qd8+ 77. Kf4 Qd6+ 78. Qe5 Qd2+ 79. Kf5
Qd3+ 80. Qe4 Qd7+ 81. Kg5 Qd8+ 82. Kf4 Qd6+ 83. Kg4 Qb6 84. Qf5+ Kg7 85. Qe5+ Kf7
86. f4 Qg1+ 87. Kf3 Qf1+ 88. Ke4 1-0

[Event "D14blitz"]
[Site "?"]
[Date "2020.08.27"]
[Round "2.5"]
[White "Rejniak, Zuzanna"]
[Black "Grzesik, Nikola"]
[Result "1-0"]
[BlackElo "1223"]
[WhiteElo "1587"]
[LiveChessVersion "1.4.4"]

1. e4 c5 2. Nf3 e6 3. d4 cxd4 4. Nxd4 a6 5. Bd3 Qc7 6. c4 Nc6 7. Nxc6 bxc6 8. Nc3
Nf6 9. O-O Be7 10. f4 d6 11. Qe2 Bb7 12. e5 dxe5 13. fxe5 Nd7 14. Bf4 Nc5 15. Bc2
a5 16. Rad1 O-O 17. Kh1 Rfd8 18. Qh5 g6 19. Qf3 Bf8 20. Ne4 Nxe4 21. Bxe4 Rxd1
22. Rxd1 Rc8 23. b3 Rb8 24. Qd3 Bc8 25. Qd8 Qb6 26. Bh6 1-0

[Event "D14blitz"]
[Site "?"]
[Date "2020.08.27"]
[Round "2.6"]
[White "Palejko, Maria"]
[Black "Arciszewska, Zuzanna"]
[Result "1-0"]
[BlackElo "1544"]
[WhiteElo "1230"]
[LiveChessVersion "1.4.4"]

1. e4 e5 2. Nf3 Nc6 3. d4 exd4 4. Nxd4 Bc5 5. Be3 Qf6 6. c3 Nge7 7. Qd2 d6 8. Nb5
Bxe3 9. Qxe3 Kd8 10. Nd2 a6 11. Nd4 Ne5 12. N2f3 N7c6 13. Nxc6+ Nxc6 14. O-O-O
Be6 15. Kb1 Ke7 16. Bd3 Rhe8 17. h4 Rad8 18. Nd2 Kd7 19. f4 Kc8 20. Bc2 Kb8 21.
Nf3 h6 22. f5 Bxf5 23. Qf4 Bg6 24. Qxf6 gxf6 25. Rhe1 Ne5 26. Nd4 Ng4 27. g3 Re7
28. Rd2 Rde8 29. Rde2 Ne5 30. Re3 Nc4 31. R3e2 Bxe4 32. Bxe4 Rxe4 33. Rxe4 Rxe4
34. Rxe4 Nd2+ 35. Kc2 Nxe4 36. g4 Nf2 37. Nf5 Nxg4 38. Kd3 Kc8 39. Ke4 Kd7 40.
Kf4 h5 41. Ng7 Ne5 42. Nxh5 Ng6+ 43. Kg4 Ke6 44. Ng7+ Ke5 45. h5 Nh8 46. h6 f5+
47. Nxf5 Kf6 48. b4 d5 49. Ne3 c6 50. Kh5 b6 51. a4 a5 52. bxa5 bxa5 53. c4 d4
54. Ng4+ Kf5 55. Nf2 Kf4 56. h7 Kf5 57. Kh6 Kf6 58. Ne4+ Ke5 59. Kg7 Ng6 60. Nd2
d3 61. Kxf7 Nh8+ 62. Kg7 Kd4 63. Kxh8 Ke3 64. Nb3 d2 65. Nxd2 Kxd2 66. Kg7 1-0

[Event "D14blitz"]
[Site "?"]
[Date "2020.08.27"]
[Round "2.7"]
[White "Garbowska, Maja"]
[Black "Barwinska, Ewa"]
[Result "0-1"]
[BlackElo "1517"]
[WhiteElo "1220"]
[LiveChessVersion "1.4.4"]

1. e4 {[%clk 0:03:03]} c5 {[%clk 0:03:03]} 2. Nf3 {[%clk 0:03:04]} d6
{[%clk 0:03:04]} 3. d4 {[%clk 0:03:01]} cxd4 {[%clk 0:03:05]} 4. Nxd4
{[%clk 0:03:02]} Nf6 {[%clk 0:03:06]} 5. Nc3 {[%clk 0:03:03]} a6 {[%clk 0:03:07]}
6. Bd3 {[%clk 0:02:56]} e5 {[%clk 0:03:07]} 7. Nf3 {[%clk 0:02:54]} Qc7
{[%clk 0:03:06]} 8. O-O {[%clk 0:02:52]} h6 {[%clk 0:03:07]} 9. Bd2
{[%clk 0:02:39]} Be6 {[%clk 0:03:05]} 10. Kh1 {[%clk 0:02:21]} Be7
{[%clk 0:03:05]} 11. Ne1 {[%clk 0:01:49]} Nbd7 {[%clk 0:03:06]} 12. f4
{[%clk 0:01:49]} exf4 {[%clk 0:03:06]} 13. Bxf4 {[%clk 0:01:47]} Ne5
{[%clk 0:03:06]} 14. Nf3 {[%clk 0:01:41]} O-O {[%clk 0:03:02]} 15. Qe1
{[%clk 0:01:35]} b5 {[%clk 0:02:47]} 16. a3 {[%clk 0:01:35]} Rac8
{[%clk 0:02:47]} 17. Rc1 {[%clk 0:01:32]} Rfe8 {[%clk 0:02:14]} 18. Nd4
{[%clk 0:00:58]} Ng6 {[%clk 0:01:14]} 19. Bd2 {[%clk 0:00:42]} Bd7
{[%clk 0:00:42]} 20. Nf5 {[%clk 0:00:36]} Bxf5 {[%clk 0:00:41]} 21. exf5
{[%clk 0:00:36]} Ne5 {[%clk 0:00:41]} 22. Qg3 {[%clk 0:00:30]} Kh8
{[%clk 0:00:30]} 23. Ne2 {[%clk 0:00:21]} d5 {[%clk 0:00:23]} 24. Nf4
{[%clk 0:00:11]} Nxd3 {[%clk 0:00:20]} 25. cxd3 {[%clk 0:00:12]} Qd6
{[%clk 0:00:16]} 26. Rcd1 {[%clk 0:00:10]} Qc7 {[%clk 0:00:11]} 27. Qf3
{[%clk 0:00:05]} d4 {[%clk 0:00:08]} 28. Ne2 Bc5 {[%clk 0:00:07]} 29. Nf4
{[%clk 0:00:04]} Bd6 {[%clk 0:00:08]} 30. Nh3 {[%clk 0:00:00]} Be5
{[%clk 0:00:08]} 0-1